[Event "Elite de Chambly"]
[Site "Chambly CAN"]
[Date "2025.06.11"]
[Round "6.6"]
[White "Legault, Jean-Philippe"]
[Black "St-Laurent, Luc"]
[Result "1-0"]
[WhiteElo "1380"]
[BlackElo "1332"]
[WhiteFideId "-1"]
[WhiteFideId "-1"]
[PlyCount "79"]
[GameId "2191150457226998"]
[EventDate "2025.04.30"]
[EventType "swiss"]
[EventRounds "7"]
[EventCountry "CAN"]

1. d4 d5 2. Nf3 Nf6 3. c4 e6 4. Nc3 a6 5. h3 dxc4 6. e4 b5 7. a4 c6 8. axb5 cxb5 9. e5 b4 10. exf6 bxc3 11. fxg7 Bxg7 12. bxc3 Qc7 13. Qa4+ Bd7 14. Qxc4 Qxc4 15. Bxc4 O-O 16. O-O a5 17. Bd2 a4 18. Rfb1 Rc8 19. Bb5 Bxb5 20. Rxb5 Rc6 21. Rxa4 Na6 22. Rxa6 Rcxa6 23. c4 Ra4 24. Rc5 Bf8 25. Rc6 Bg7 26. Bg5 Ra1+ 27. Kh2 h6 28. Be3 Rd8 29. Rb6 Ra4 30. c5 Rc8 31. Rb1 Rc4 32. Nd2 Rc2 33. Ne4 Rd8 34. Nd6 Bf8 35. Rb6 Bxd6+ 36. Rxd6 Rxd6 37. cxd6 Rc8 38. Bxh6 f6 39. Bf4 Rc4 40. d5 1-0

[Event "Elite de Chambly"]
[Site "Chambly CAN"]
[Date "2025.06.11"]
[Round "6.7"]
[White "Dubreuil, Raymond"]
[Black "Evenko, Kirill"]
[Result "1/2-1/2"]
[WhiteElo "1464"]
[BlackElo "1194"]
[WhiteFideId "-1"]
[WhiteFideId "-1"]
[PlyCount "96"]
[GameId "2191150457226999"]
[EventDate "2025.04.30"]
[EventType "swiss"]
[EventRounds "7"]
[EventCountry "CAN"]

1. Nf3 d5 2. c4 Nf6 3. b3 g6 4. Bb2 Bg7 5. d3 O-O 6. g3 c6 7. Bg2 Bd7 8. O-O Qc8 9. Nbd2 Bh3 10. Ba3 Bxg2 11. Kxg2 Re8 12. Rc1 e6 13. e4 dxe4 14. dxe4 Rd8 15. Qc2 Nbd7 16. e5 Ng4 17. Be7 Re8 18. Bd6 Ngxe5 19. Nxe5 Bxe5 20. Ne4 Qd8 21. c5 f5 22. Bxe5 Nxe5 23. Nd6 Re7 24. Rcd1 Qf8 25. Rfe1 Nf7 26. Qc4 e5 27. Re2 e4 28. Kg1 Rd7 29. Qe6 Qe7 30. Qxe7 Rxe7 31. f3 Nxd6 32. cxd6 Re5 33. fxe4 Rxe4 34. Rxe4 fxe4 35. Kf2 Kf7 36. Ke3 Ke6 37. Kxe4 Rd8 38. d7 Rxd7 39. Rxd7 Kxd7 40. Ke5 Ke7 41. g4 b5 42. h4 a5 43. h5 gxh5 44. gxh5 h6 45. Kf5 Kf7 46. Ke5 a4 47. Kd6 axb3 48. axb3 Kf6 1/2-1/2

[Event "Elite de Chambly"]
[Site "Chambly CAN"]
[Date "2025.06.11"]
[Round "6.8"]
[White "Cossette, Richard"]
[Black "Lemieux, Serge"]
[Result "1-0"]
[WhiteElo "1790"]
[BlackElo "1368"]
[WhiteFideId "-1"]
[WhiteFideId "-1"]
[PlyCount "79"]
[GameId "2191150457227000"]
[EventDate "2025.04.30"]
[EventType "swiss"]
[EventRounds "7"]
[EventCountry "CAN"]

1. e4 e6 2. d4 d5 3. exd5 exd5 4. c4 Nf6 5. Nc3 Be7 6. c5 Nc6 7. Nf3 O-O 8. Be2 b6 9. Qa4 Bb7 10. Bb5 Na5 11. c6 Bc8 12. O-O Bd6 13. Bg5 Be6 14. Rfe1 h6 15. Bd2 Nc4 16. Bxc4 dxc4 17. h3 a6 18. Rad1 b5 19. Qa5 Nd5 20. Ne4 Re8 21. a4 bxa4 22. Nxd6 Qxd6 23. Ne5 Nb6 24. Bb4 Qd5 25. Bc5 Qd8 26. Bxb6 cxb6 27. Qxa4 b5 28. Qb4 Bd5 29. Qc5 Re6 30. Nd7 Rxe1+ 31. Rxe1 Be6 32. Nb6 Ra7 33. d5 Qg5 34. c7 Bxh3 35. c8=Q+ Bxc8 36. Qxc8+ Kh7 37. d6 Qd2 38. Qf5+ g6 39. Qe5 Rb7 40. Nd5 1-0

[Event "Elite de Chambly"]
[Site "Chambly CAN"]
[Date "2025.06.11"]
[Round "6.9"]
[White "Taylor, Paul"]
[Black "Alameddine, Karim"]
[Result "1-0"]
[WhiteElo "1392"]
[BlackElo "1273"]
[WhiteFideId "-1"]
[WhiteFideId "-1"]
[PlyCount "55"]
[GameId "2191150457227001"]
[EventDate "2025.04.30"]
[EventType "swiss"]
[EventRounds "7"]
[EventCountry "CAN"]

1. e4 e5 2. d4 Qe7 3. dxe5 Qxe5 4. Qe2 h6 5. g3 Nf6 6. Bg2 Nc6 7. c3 Be7 8. Bf4 Qa5 9. Nd2 Ne5 10. Nb3 Qb6 11. Bxe5 O-O 12. Bd4 c5 13. Be3 Qc7 14. Nf3 d6 15. Nbd2 Bd7 16. Nh4 Ng4 17. Nf5 Bxf5 18. exf5 Nxe3 19. fxe3 Rae8 20. Bd5 a6 21. Ne4 b5 22. Qf3 Bd8 23. Qf4 Re5 24. Rd1 Rfe8 25. f6 g5 26. Qf3 Qd7 27. Qh5 Kh7 28. Bxf7 1-0

[Event "Elite de Chambly"]
[Site "Chambly CAN"]
[Date "2025.06.11"]
[Round "6.10"]
[White "Tse, Edwin"]
[Black "De Guise, Ronald"]
[Result "1-0"]
[WhiteElo "1253"]
[BlackElo "1313"]
[WhiteFideId "-1"]
[WhiteFideId "-1"]
[PlyCount "87"]
[GameId "2191150457227002"]
[EventDate "2025.04.30"]
[EventType "swiss"]
[EventRounds "7"]
[EventCountry "CAN"]

1. d4 d5 2. Bg5 Bf5 3. e3 Nd7 4. c4 Ngf6 5. Nc3 h6 6. Bh4 e5 7. dxe5 Nxe5 8. Nxd5 c6 9. Nxf6+ gxf6 10. Qxd8+ Rxd8 11. Bxf6 Nd7 12. Bxh8 f6 13. Rd1 Bb4+ 14. Ke2 Kf7 15. a3 Be7 16. Ke1 Rxh8 17. Bd3 Bxd3 18. Rxd3 Ne5 19. Rc3 Rd8 20. Ne2 Nd3+ 21. Kf1 Nxb2 22. g3 b6 23. Kg2 Na4 24. Rb3 Nc5 25. Rb2 Ne6 26. Ra2 f5 27. Re1 Rd3 28. Nf4 Nxf4+ 29. exf4 Bxa3 30. Re3 Rxe3 31. fxe3 Bc5 32. Rxa7+ Kg6 33. Rc7 Bxe3 34. Rxc6+ Kg7 35. Kf3 Bg1 36. h3 Bd4 37. g4 fxg4+ 38. hxg4 Kh7 39. Ke4 Bc5 40. f5 Bf2 41. Kd5 Kg7 42. Ke6 Bc5 43. Rxc5 bxc5 44. Ke7 1-0

[Event "Elite de Chambly"]
[Site "Chambly CAN"]
[Date "2025.06.11"]
[Round "6.11"]
[White "Doyon, Martin"]
[Black "Bonin, Francis"]
[Result "0-1"]
[WhiteElo "1291"]
[BlackElo "1306"]
[WhiteFideId "-1"]
[WhiteFideId "-1"]
[PlyCount "110"]
[GameId "2191150457227003"]
[EventDate "2025.04.30"]
[EventType "swiss"]
[EventRounds "7"]
[EventCountry "CAN"]

1. e4 e5 2. Nc3 Bc5 3. Bc4 d6 4. Na4 Bb6 5. Nxb6 axb6 6. d3 Nf6 7. Ne2 c6 8. O-O O-O 9. f4 Be6 10. fxe5 dxe5 11. Bg5 Nbd7 12. Bb3 b5 13. Ng3 Qb6+ 14. Kh1 h6 15. Bxf6 Nxf6 16. h3 c5 17. a3 Rfd8 18. Nh5 Nh7 19. Bxe6 Qxe6 20. Qf3 g6 21. Nf6+ Nxf6 22. Qxf6 Qxf6 23. Rxf6 Ra6 24. Raf1 Rd7 25. g4 Kg7 26. R6f2 Rad6 27. b3 Rd4 28. Rf6 R4d6 29. Rxd6 Rxd6 30. h4 Ra6 31. Ra1 b4 32. a4 Ra5 33. Kg2 f6 34. Kf3 Kf7 35. Ke3 Ke6 36. Kf3 b6 37. Ke3 Ra6 38. Kf3 Kd7 39. Ke3 Ra5 40. Rf1 Ke6 41. Rg1 Ra8 42. Rc1 b5 43. Ra1 bxa4 44. Rxa4 Rxa4 45. bxa4 Kd6 46. a5 Kc6 47. a6 Kb6 48. a7 Kxa7 49. Kd2 Kb6 50. c4 Kc6 51. Kc2 Kd6 52. Kb3 Ke6 53. Kb2 f5 54. exf5+ gxf5 55. gxf5+ Kxf5 0-1

[Event "Elite de Chambly"]
[Site "Chambly CAN"]
[Date "2025.06.11"]
[Round "6.12"]
[White "Hebert, Sebastien"]
[Black "Vallee, Genevieve"]
[Result "1-0"]
[WhiteElo "1298"]
[BlackElo "1260"]
[WhiteFideId "-1"]
[WhiteFideId "-1"]
[PlyCount "92"]
[GameId "2191150457280252"]
[EventDate "2025.04.30"]
[EventType "swiss"]
[EventRounds "7"]
[EventCountry "CAN"]

1. e4 e5 2. Nf3 Nf6 3. Nc3 Nc6 4. Bc4 Bc5 5. d3 d6 6. h3 O-O 7. a3 Nd4 8. Nxd4 Bxd4 9. Ne2 c6 10. c3 Bb6 11. Ng3 d5 12. exd5 cxd5 13. Bb3 Qd6 14. O-O e4 15. d4 Bc7 16. Qe2 b5 17. f4 exf3 18. Qxf3 Re8 19. Bf4 Qc6 20. Bxc7 Qxc7 21. Bxd5 Nxd5 22. Qxd5 Be6 23. Qf3 Rad8 24. Rfe1 g6 25. Ne4 Re7 26. Ng5 Bd5 27. Rxe7 Qxe7 28. Qf4 Qb7 29. Rf1 Rf8 30. Qh4 h5 31. Qg3 Kg7 32. Qe5+ Kg8 33. Qg3 a5 34. Nf3 Qc6 35. Ne5 Qc7 36. Qd3 Qb7 37. Qd2 Kg7 38. Nd3 Qe7 39. Re1 Qh4 40. Nc5 f5 41. Ne6+ Bxe6 42. Rxe6 f4 43. Qe2 f3 44. Re7+ Rf7 45. Rxf7+ Kxf7 46. Qxf3+ Kg7 1-0

[Event "Elite de Chambly"]
[Site "Chambly CAN"]
[Date "2025.06.11"]
[Round "6.13"]
[White "Laplante, Germain"]
[Black "Lauzon, Francois"]
[Result "1-0"]
[WhiteElo "1193"]
[BlackElo "1153"]
[WhiteFideId "-1"]
[WhiteFideId "-1"]
[PlyCount "99"]
[GameId "2191150457280253"]
[EventDate "2025.04.30"]
[EventType "swiss"]
[EventRounds "7"]
[EventCountry "CAN"]

1. d4 d5 2. Bf4 Nf6 3. h3 g6 4. e3 Bg7 5. Nd2 Nc6 6. Bb5 O-O 7. Bxc6 bxc6 8. Ngf3 Ba6 9. c4 Qc8 10. Qc2 Nd7 11. O-O Re8 12. Rfc1 e5 13. dxe5 Nxe5 14. Nxe5 Bxe5 15. Bxe5 Rxe5 16. Nf3 Re4 17. cxd5 Rc4 18. Qd2 Rxc1+ 19. Rxc1 cxd5 20. Qxd5 Bb7 21. Qd1 Qd8 22. Qxd8+ Rxd8 23. Rxc7 Rd1+ 24. Kh2 Bxf3 25. gxf3 Rd2 26. Kg3 a5 27. Rc5 a4 28. Rc8+ Kg7 29. Ra8 Rxb2 30. Rxa4 Rb1 31. Kg2 Rb5 32. f4 g5 33. Kf3 h5 34. fxg5 Rxg5 35. Kf4 Kg6 36. Ra6+ f6 37. f3 Rb5 38. a3 Rb1 39. e4 Re1 40. a4 Rh1 41. Kg3 Rg1+ 42. Kf2 Rb1 43. e5 Kf5 44. exf6 Rb7 45. Ra5+ Kxf6 46. Rxh5 Kg6 47. Rb5 Ra7 48. a5 Kf6 49. Rb6+ Ke7 50. a6 1-0

[Event "Elite de Chambly"]
[Site "Chambly CAN"]
[Date "2025.06.11"]
[Round "6.15"]
[White "Morasse, Daniel"]
[Black "Roy, Nicholas"]
[Result "1-0"]
[WhiteElo "1392"]
[BlackElo "1052"]
[WhiteFideId "-1"]
[WhiteFideId "-1"]
[PlyCount "41"]
[GameId "2191150457284351"]
[EventDate "2025.04.30"]
[EventType "swiss"]
[EventRounds "7"]
[EventCountry "CAN"]

1. e4 e6 2. f4 d5 3. e5 c5 4. Nf3 Nc6 5. b3 f6 6. d3 b5 7. Be2 Be7 8. O-O Nh6 9. h3 Nf5 10. Qe1 Nfd4 11. Bd1 b4 12. c3 bxc3 13. Nxc3 Nb4 14. Nxd4 cxd4 15. Ne2 Nxd3 16. Qg3 Nxc1 17. Rxc1 O-O 18. Bc2 Qb6 19. Qd3 Ba6 20. Qxh7+ Kf7 21. Bg6# 1-0

[Event "Elite de Chambly"]
[Site "Chambly CAN"]
[Date "2025.06.11"]
[Round "6.16"]
[White "Capotorto, Michele"]
[Black "Pepin, Pierre-Luc"]
[Result "1-0"]
[WhiteElo "934"]
[BlackElo "1131"]
[WhiteFideId "-1"]
[WhiteFideId "-1"]
[PlyCount "51"]
[GameId "2191150457284352"]
[EventDate "2025.04.30"]
[EventType "swiss"]
[EventRounds "7"]
[EventCountry "CAN"]

1. e4 e6 2. Nc3 d5 3. Nf3 Nf6 4. d4 Nxe4 5. Bg5 Nxg5 6. Ne5 g6 7. Bd3 f6 8. Ng4 Nc6 9. Bb5 Bd7 10. O-O Bg7 11. Qe2 Nxd4 12. Bxd7+ Qxd7 13. Qd3 f5 14. Ne3 f4 15. Ng4 h5 16. Qxg6+ Nf7 17. Qxg7 Nf5 18. Qg6 hxg4 19. Qxg4 Nd4 20. Qxf4 Nxc2 21. Rad1 e5 22. Qf6 d4 23. Ne4 d3 24. Nc5 Qg4 25. Nxb7 Nd4 26. Rxd3 {Temps.} 1-0

[Event "Elite de Chambly"]
[Site "Chambly CAN"]
[Date "2025.06.11"]
[Round "6.17"]
[White "Cote, Liam"]
[Black "Matmati, Jed"]
[Result "1-0"]
[WhiteElo "950"]
[BlackElo "870"]
[WhiteFideId "-1"]
[WhiteFideId "-1"]
[PlyCount "40"]
[GameId "2191150457288449"]
[EventDate "2025.04.30"]
[EventType "swiss"]
[EventRounds "7"]
[EventCountry "CAN"]

1. b3 e5 2. Nf3 e4 3. d3 exf3 4. exf3 Bb4+ 5. c3 Bf8 6. Qe2+ Ne7 7. Ba3 d6 8. Nd2 b6 9. O-O-O Bf5 10. g4 Be6 11. c4 Na6 12. b4 g6 13. f4 Bh6 14. g5 Bg7 15. Bb2 Nxb4 16. Bxg7 Rg8 17. Bf6 Qd7 18. Ne4 d5 19. cxd5 Bxd5 20. Qe3 Nxa2+ {Ici, les deux feuilles de partie concordent. Le coup illEgal 21.Fh3 a EtE jouE. Normalement ce coup n'aurait pas pu être jouE car le roi blanc est en Echec. Explication: il y a eu une erreur lors du grand roque au 9e coup des Blancs où le roi a EtE dEplacE en b1 et la tour en c1. On en a la preuve au 27e coup des Blancs. Voici le reste de la partie pour la postEritE: 21. Fh3 Db5+ 22.Fb2 Cc3 23.Cxc3 Da5 24.De1 Da2 25.Cxa2 Td8 26.Fa3 Td6 27.Txc7 Rd8 28.Dxe7++ 1-0. Aucun des joueurs n'a remarquE le coup illEgal pendant la partie. Les feuilles de parties ont EtE signEes et remises aux organisateurs. Le rEsultat tient. Victoire des Blancs.} 1-0

[Event "Elite de Chambly"]
[Site "Chambly CAN"]
[Date "2025.06.18"]
[Round "7.1"]
[White "Cournoyer, Raphael"]
[Black "Poulin, Emile"]
[Result "1-0"]
[WhiteElo "1776"]
[BlackElo "1461"]
[WhiteFideId "-1"]
[WhiteFideId "-1"]
[PlyCount "118"]
[GameId "2191150457288450"]
[EventDate "2025.04.30"]
[EventType "swiss"]
[EventRounds "7"]
[EventCountry "CAN"]

1. d4 Nf6 2. Nf3 c5 3. d5 b5 4. e3 Bb7 5. c4 g6 6. a4 b4 7. b3 Bg7 8. Bb2 O-O 9. Qc2 e6 10. dxe6 fxe6 11. Nbd2 Nc6 12. Bd3 Qe7 13. O-O Ng4 14. Bxg7 Qxg7 15. h3 Nge5 16. Be4 Rad8 17. Nxe5 Qxe5 18. Nf3 Qh5 19. Nd2 Rf7 20. Bf3 Qe5 21. Qe4 Qf6 22. Qc2 d6 23. Rad1 Qe5 24. Bg4 Ne7 25. Bf3 Bxf3 26. Nxf3 Qh5 27. Qe4 Qf5 28. Qxf5 Rxf5 29. e4 Rf4 30. Ng5 Rd7 31. Nxe6 Rxe4 32. Nxc5 dxc5 33. Rxd7 Nc6 34. Rc7 Nd4 35. Rd1 Re8 36. Rxc5 Nxb3 37. Rc7 a5 38. c5 Kf8 39. Rxh7 Nxc5 40. Rh8+ Kf7 41. Rxe8 Kxe8 42. Rd5 Nxa4 43. Rxa5 Nc3 44. Rc5 Ke7 45. Kf1 Kd6 46. Rxc3 bxc3 47. Ke2 Kc5 48. Kd3 Kb4 49. Kc2 Kc4 50. h4 Kd4 51. g4 Ke5 52. h5 gxh5 53. gxh5 Kf6 54. Kxc3 Kg5 55. Kd4 Kxh5 56. Ke5 Kg6 57. f4 Kf7 58. Kf5 Ke7 59. Kg6 Kf8 1-0

[Event "Elite de Chambly"]
[Site "Chambly CAN"]
[Date "2025.06.18"]
[Round "7.2"]
[White "Cousineau, Francois"]
[Black "Tse, Chun Wing"]
[Result "1-0"]
[WhiteElo "1761"]
[BlackElo "1671"]
[WhiteFideId "-1"]
[WhiteFideId "-1"]
[PlyCount "179"]
[GameId "2191150457288451"]
[EventDate "2025.04.30"]
[EventType "swiss"]
[EventRounds "7"]
[EventCountry "CAN"]

1. e4 c6 2. Nc3 d5 3. Nf3 Bg4 4. h3 Bxf3 5. Qxf3 e6 6. d3 Nd7 7. Bd2 Qb6 8. Na4 Qa6 9. b3 b5 10. Nc3 Bc5 11. Be2 Ne7 12. O-O Qb7 13. exd5 cxd5 14. Nxb5 Qxb5 15. d4 Qb6 16. dxc5 Qxc5 17. c4 O-O 18. cxd5 Qxd5 19. Bb4 Rfe8 20. Rad1 Qxf3 21. Bxf3 Nd5 22. Bxd5 exd5 23. Rxd5 Nf6 24. Rd2 h5 25. Rc1 a5 26. Ba3 Rac8 27. Kf1 g6 28. Rdc2 Rcd8 29. Bc5 Rd3 30. Be3 Nd5 31. Ke2 Nf4+ 32. Kf3 Ne6 33. Rc8 Kf8 34. Rxe8+ Kxe8 35. Ke4 Rd7 36. Rc8+ Ke7 37. Ra8 f5+ 38. Ke5 f4 39. Bc1 Nd4 40. Bxf4 Nc6+ 41. Ke4 Rd4+ 42. Ke3 Rd5 43. Ke2 Nb4 44. Bd2 Nxa2 45. Rxa5 Nc1+ 46. Bxc1 Rxa5 47. b4 Ra2+ 48. Kf3 Rc2 49. Be3 Rb2 50. g3 Ke6 51. Bc5 Kf5 52. g4+ hxg4+ 53. hxg4+ Ke6 54. Kf4 Rd2 55. Kg5 Kf7 56. Kf4 Ke6 57. Ke4 Re2+ 58. Kd3 Rb2 59. Kc4 Kd7 60. b5 Re2 61. Kd5 Rb2 62. b6 Rd2+ 63. Ke5 Kc6 64. Be3 Rd5+ 65. Kf6 Rd6+ 66. Kf7 Kb7 67. g5 Kc6 68. Ke7 Rd7+ 69. Kf8 Kd6 70. Bf4+ Kc6 71. Bc7 Rd5 72. f4 Rd7 73. Kg8 Re7 74. Kf8 Rd7 75. Ke8 Rh7 76. Bd8 Kd6 77. Bf6 Kc6 78. Kf8 Kd6 79. Bg7 Rh4 80. Be5+ Kc6 81. Kg7 Kxb6 82. Kxg6 Kc6 83. Kf7 Rh7+ 84. Kf8 Kd7 85. g6 Re7 86. g7 Re8+ 87. Kf7 Re7+ 88. Kg6 Re6+ 89. Kh7 Re7 90. Kh8 1-0

[Event "Elite de Chambly"]
[Site "Chambly CAN"]
[Date "2025.06.18"]
[Round "7.3"]
[White "Despres, Alain"]
[Black "Kelly, Patrick"]
[Result "1/2-1/2"]
[WhiteElo "1440"]
[BlackElo "1617"]
[WhiteFideId "-1"]
[WhiteFideId "-1"]
[PlyCount "61"]
[GameId "2191150457292548"]
[EventDate "2025.04.30"]
[EventType "swiss"]
[EventRounds "7"]
[EventCountry "CAN"]

1. d4 Nf6 2. Nf3 d5 3. e3 Bg4 4. Nbd2 e6 5. Bd3 c5 6. b3 Nc6 7. h3 Bh5 8. Be2 cxd4 9. Nxd4 Nxd4 10. exd4 Bxe2 11. Qxe2 Be7 12. Qb5+ Qd7 13. Qxd7+ Nxd7 14. Bb2 O-O 15. a4 Rfc8 16. c4 dxc4 17. Nxc4 Bb4+ 18. Ke2 Nb6 19. Rac1 Nd5 20. g3 a5 21. Rc2 Nb6 22. Rhc1 Nd5 23. Ne3 Nb6 24. Rxc8+ Rxc8 25. Rxc8+ Nxc8 26. Nc4 Na7 27. Ba3 Nc6 28. Bxb4 axb4 29. Kd3 Kf8 30. Nd6 Na5 31. Kc2 1/2-1/2

[Event "Elite de Chambly"]
[Site "Chambly CAN"]
[Date "2025.06.18"]
[Round "7.4"]
[White "Mok, Yuen Tak"]
[Black "Taylor, Paul"]
[Result "1-0"]
[WhiteElo "2100"]
[BlackElo "1392"]
[WhiteFideId "-1"]
[WhiteFideId "-1"]
[PlyCount "49"]
[GameId "2191150457292549"]
[EventDate "2025.04.30"]
[EventType "swiss"]
[EventRounds "7"]
[EventCountry "CAN"]

1. c4 Nf6 2. Nf3 c5 3. Nc3 g6 4. g3 b6 5. Bg2 Bb7 6. O-O Bg7 7. b3 Ne4 8. Bb2 O-O 9. Qc2 f5 10. d3 Nxc3 11. Bxc3 Bxc3 12. Qxc3 d6 13. d4 e6 14. Rad1 Qf6 15. Qd2 Na6 16. dxc5 Bxf3 17. Bxf3 d5 18. cxb6 axb6 19. cxd5 e5 20. d6 e4 21. Bg2 Qe6 22. f3 Ra7 23. fxe4 fxe4 24. Rxf8+ Kxf8 25. d7 1-0

[Event "Elite de Chambly"]
[Site "Chambly CAN"]
[Date "2025.06.18"]
[Round "7.5"]
[White "Pincince, Jacques"]
[Black "Cossette, Richard"]
[Result "0-1"]
[WhiteElo "1388"]
[BlackElo "1790"]
[WhiteFideId "-1"]
[WhiteFideId "-1"]
[PlyCount "40"]
[GameId "2191150457292550"]
[EventDate "2025.04.30"]
[EventType "swiss"]
[EventRounds "7"]
[EventCountry "CAN"]

1. e4 d6 2. Nc3 g6 3. g3 Bg7 4. Bg2 Nf6 5. d3 O-O 6. Be3 Nc6 7. h3 e5 8. Nce2 Be6 9. Qd2 d5 10. Bh6 dxe4 11. Bxg7 Kxg7 12. O-O-O exd3 13. Qxd3 Qxd3 14. Rxd3 Nb4 15. Re3 e4 16. Bxe4 Nxe4 17. f3 Nxa2+ 18. Kb1 Rfd8 19. Nc3 Naxc3+ 20. bxc3 Nxc3+ 0-1

[Event "Elite de Chambly"]
[Site "Chambly CAN"]
[Date "2025.06.18"]
[Round "7.6"]
[White "Tse, Edwin"]
[Black "Kerhuel-Lefebvre, Stephane"]
[Result "0-1"]
[WhiteElo "1253"]
[BlackElo "1665"]
[WhiteFideId "-1"]
[WhiteFideId "-1"]
[PlyCount "72"]
[GameId "2191150457292551"]
[EventDate "2025.04.30"]
[EventType "swiss"]
[EventRounds "7"]
[EventCountry "CAN"]

1. d4 Nf6 2. Bg5 g6 3. Bxf6 exf6 4. e3 Bg7 5. c4 O-O 6. Nc3 Re8 7. g3 d6 8. Bg2 f5 9. Nge2 Nd7 10. O-O Nf6 11. Qd2 Rb8 12. Rfd1 Be6 13. b3 Ng4 14. Nf4 Qe7 15. Rac1 Bd7 16. c5 c6 17. cxd6 Qxd6 18. Na4 g5 19. Nd3 h5 20. Ndc5 h4 21. d5 hxg3 22. hxg3 cxd5 23. Bxd5 Be6 24. Bxe6 Qxd2 25. Bxf7+ Kxf7 26. Rxd2 f4 27. Rd7+ Kg8 28. exf4 gxf4 29. Nxb7 fxg3 30. fxg3 Re2 31. Rd8+ Rxd8 32. Nxd8 Bd4+ 33. Kf1 Rxa2 34. Nc6 Nh2+ 35. Ke1 Nf3+ 36. Kf1 Rf2# 0-1

[Event "Elite de Chambly"]
[Site "Chambly CAN"]
[Date "2025.06.18"]
[Round "7.7"]
[White "Evenko, Kirill"]
[Black "Longpre, Martin"]
[Result "1-0"]
[WhiteElo "1194"]
[BlackElo "1582"]
[WhiteFideId "-1"]
[WhiteFideId "-1"]
[PlyCount "83"]
[GameId "2191150457292552"]
[EventDate "2025.04.30"]
[EventType "swiss"]
[EventRounds "7"]
[EventCountry "CAN"]

1. c4 c6 2. d4 d5 3. Nf3 Nf6 4. Nc3 dxc4 5. e4 b5 6. a4 Bb7 7. axb5 cxb5 8. e5 Nd5 9. Nxb5 a6 10. Nc3 e6 11. Bxc4 Bb4 12. Bxd5 Bxd5 13. Bd2 O-O 14. Nxd5 Bxd2+ 15. Qxd2 Qxd5 16. O-O Nc6 17. Ra3 a5 18. Rd1 Rab8 19. h3 Rb4 20. Rc3 Rfb8 21. Rdc1 R4b6 22. Rc5 Qd7 23. Qc3 Rc8 24. Qxa5 Rbb8 25. Qa6 h6 26. Rxc6 Rd8 27. Rd6 Qe8 28. Rxd8 Qxd8 29. Qd6 Qe8 30. b4 Rd8 31. Qb6 Qe7 32. b5 Qb4 33. Qc7 Rf8 34. b6 Qb2 35. b7 Kh7 36. Qc8 Rg8 37. Qxg8+ Kxg8 38. Rc8+ Kh7 39. b8=Q Qe2 40. Rh8+ Kg6 41. Qb1+ Kh5 42. g4# 1-0

[Event "Elite de Chambly"]
[Site "Chambly CAN"]
[Date "2025.06.18"]
[Round "7.8"]
[White "St-Laurent, Luc"]
[Black "Bedard, Michel"]
[Result "0-1"]
[WhiteElo "1332"]
[BlackElo "1465"]
[WhiteFideId "-1"]
[WhiteFideId "-1"]
[PlyCount "112"]
[GameId "2191150457292553"]
[EventDate "2025.04.30"]
[EventType "swiss"]
[EventRounds "7"]
[EventCountry "CAN"]

1. d4 d5 2. Nf3 Nf6 3. g3 g6 4. Bg2 Bg7 5. O-O O-O 6. b3 c6 7. c4 dxc4 8. bxc4 Nh5 9. Bb2 Qb6 10. Qb3 Nd7 11. Nbd2 c5 12. Qxb6 axb6 13. Rfb1 Ra7 14. d5 Bxb2 15. Rxb2 Ndf6 16. e4 Nd7 17. a4 Ng7 18. Nb1 Ne8 19. Nc3 Nd6 20. Bf1 f6 21. Rba2 Ne5 22. Nxe5 fxe5 23. Be2 Bd7 24. f3 Rfa8 25. Kg2 e6 26. g4 g5 27. h3 Nc8 28. dxe6 Bxe6 29. Nb5 Kf7 30. Nxa7 Rxa7 31. Kf2 Ne7 32. Rb2 Nc8 33. Rba2 Nd6 34. Rc2 Ke7 35. Ke3 Kd7 36. Kd3 Kc7 37. Kc3 Ra8 38. h4 gxh4 39. Rca2 b5 40. axb5 Rxa2 41. Rxa2 Nxb5+ 42. Kd3 Nd4 43. Bd1 Nc6 44. Rh2 Na5 45. Rxh4 Bxc4+ 46. Kc3 Bg8 47. Rh6 b5 48. Rf6 b4+ 49. Kb2 c4 50. Ra6 c3+ 51. Kc2 Nc6 52. Kd3 Kb7 53. Ra1 Kb6 54. Rb1 Kc5 55. Bb3 Bxb3 56. Rxb3 Nd4 0-1

[Event "Elite de Chambly"]
[Site "Chambly CAN"]
[Date "2025.06.18"]
[Round "7.9"]
[White "Bonin, Francis"]
[Black "Dubreuil, Raymond"]
[Result "0-1"]
[WhiteElo "1306"]
[BlackElo "1464"]
[WhiteFideId "-1"]
[WhiteFideId "-1"]
[PlyCount "70"]
[GameId "2191150457292554"]
[EventDate "2025.04.30"]
[EventType "swiss"]
[EventRounds "7"]
[EventCountry "CAN"]

1. e4 c5 2. Nf3 Nc6 3. Nc3 e6 4. d4 cxd4 5. Nxd4 Qb6 6. Nb3 Bb4 7. Bd2 Nf6 8. Bd3 d5 9. exd5 exd5 10. Qe2+ Be6 11. O-O-O O-O 12. Na4 Bxd2+ 13. Qxd2 Qb4 14. Nac5 Qxd2+ 15. Rxd2 b6 16. Na6 Rac8 17. f3 Ne5 18. Be2 Nc4 19. Bxc4 Rxc4 20. c3 Rfc8 21. Nd4 Ra4 22. Nb4 Rxb4 23. Kb1 Rbc4 24. Nb5 Ra8 25. Re1 Re8 26. Red1 Ra8 27. g4 a6 28. Nd4 Rd8 29. Re1 Re8 30. Kc1 h6 31. h4 Rcc8 32. g5 hxg5 33. hxg5 Nh5 34. g6 Nf4 35. Rh2 Nd3+ 0-1

[Event "Elite de Chambly"]
[Site "Chambly CAN"]
[Date "2025.06.18"]
[Round "7.10"]
[White "Alameddine, Karim"]
[Black "Laplante, Germain"]
[Result "1/2-1/2"]
[WhiteElo "1273"]
[BlackElo "1193"]
[WhiteFideId "-1"]
[WhiteFideId "-1"]
[PlyCount "136"]
[GameId "2191150457292555"]
[EventDate "2025.04.30"]
[EventType "swiss"]
[EventRounds "7"]
[EventCountry "CAN"]

1. e4 c6 2. d3 d5 3. Nc3 dxe4 4. Nxe4 Bf5 5. Ng3 Bg6 6. Nf3 h6 7. Be2 e6 8. O-O Be7 9. Ne5 Bh7 10. f4 Nf6 11. h3 Nbd7 12. Nf3 O-O 13. b3 Qb6+ 14. Kh1 Rfe8 15. Bb2 Nd5 16. Qd2 Qe3 17. Bc1 Qxd2 18. Bxd2 Bb4 19. Bxb4 Nxb4 20. Bd1 Nb6 21. a3 N4d5 22. Nd4 Ne3 23. Re1 Nxd1 24. Raxd1 Nd5 25. Rf1 Ne3 26. Rde1 Nxf1 27. Nxf1 Rad8 28. Nf3 Bxd3 29. cxd3 Rxd3 30. N1d2 Red8 31. Re2 Rc3 32. a4 a5 33. Nc4 Rxb3 34. Nxa5 Rb4 35. Ra2 Rxf4 36. Nxb7 Rc8 37. a5 c5 38. a6 c4 39. a7 Ra8 40. Ra4 Kh7 41. Ne5 f6 42. Nxc4 e5 43. Kh2 Rd4 44. Nbd6 e4 45. Nf5 Rxc4 46. Rxc4 Rxa7 47. Rxe4 Kg6 48. Re7 Rxe7 49. Nxe7+ Kg5 50. Nd5 f5 51. g3 h5 52. Kg2 h4 53. Nf4 hxg3 54. Kxg3 Kf6 55. Nh5+ Kg6 56. Nf4+ Kf6 57. Kf3 g5 58. Nd5+ Ke5 59. Ne3 g4+ 60. Nxg4+ fxg4+ 61. Kxg4 Kf6 62. h4 Kg6 63. h5+ Kh6 64. Kh4 Kh7 65. Kg5 Kg7 66. h6+ Kh7 67. Kh5 Kh8 68. Kg6 Kg8 1/2-1/2

[Event "Elite de Chambly"]
[Site "Chambly CAN"]
[Date "2025.06.18"]
[Round "7.11"]
[White "Monette, Andre"]
[Black "Lemieux, Serge"]
[Result "0-1"]
[WhiteElo "1133"]
[BlackElo "1368"]
[WhiteFideId "-1"]
[WhiteFideId "-1"]
[PlyCount "94"]
[GameId "2191150457292556"]
[EventDate "2025.04.30"]
[EventType "swiss"]
[EventRounds "7"]
[EventCountry "CAN"]

1. e4 e5 2. Nf3 Nc6 3. a3 Bc5 4. Bb5 d6 5. Nc3 Bd7 6. b4 Bb6 7. d3 Nd4 8. Bxd7+ Qxd7 9. Bb2 Ne7 10. Nd2 a6 11. Ne2 O-O 12. Nxd4 exd4 13. Nf3 f5 14. e5 c5 15. Qe2 Ng6 16. e6 Qe7 17. O-O Nf4 18. Qd1 Nxe6 19. Re1 Rae8 20. c3 Qf6 21. Qb3 Kh8 22. Re2 Nf4 23. Rxe8 Rxe8 24. Re1 Rxe1+ 25. Nxe1 Ne2+ 26. Kf1 dxc3 27. Qa4 Qe7 28. Ba1 d5 29. Qc2 Nf4 30. Bxc3 d4 31. Bxd4 cxd4 32. g3 Ne6 33. Qe2 Kg8 34. Qe5 g6 35. Nf3 Bc7 36. Qd5 Qd6 37. Qxd6 Bxd6 38. Ke1 h6 39. Kd2 Kf7 40. Kc2 b5 41. Nd2 Kf6 42. Nb3 Ke5 43. Na5 Bc7 44. Nc6+ Kd6 45. Na5 Bxa5 46. bxa5 Kc5 47. Kb3 Nd8 0-1